000 01455nam a2200409 i 4500
003 SJDS
005 20160915213658.0
008 150507s2014 mx a c 000 1 spa d
020 _a9786077354123 :
_c$16.95
035 _a693649
035 _a(PWmBRO)BRDbd15127040
035 _a686510
035 _a693649
035 _a693649
040 _cSJDS
041 1 _aspa
_heng
100 1 _aDiCamillo, Kate,
_eauthor.
240 1 0 _aFlora & Ulysses.
_lSpanish
245 1 0 _aFlora y Ulises :
_blas aventuras iluminadas /
_cKate DiCamillo ; ilustrado por K. G. Campbell ; traduccion de Jose Manuel Moreno Cidoncha.
250 _aPrimera edicion.
260 _aMexico, D.F., Mexico :
_bGrantravesia
_c2014.
264 1 _aMexico, D.F., Mexico :
_bGrantravesia,
_c2014.
300 _a229 pages :
_billustrations ;
_c21 cm
336 _atext
_btxt
_2rdacontent
337 _aunmediated
_bn
_2rdamedia
338 _avolume
_bnc
_2rdacarrier
520 _a"Una hilarante historia sobre la amistad, la esperanza, el amor y la grasa de foca"--
_cfront flap.
521 1 _a8-12.
_bBrodart
586 _aPremio Newbery Medal, 2014
650 0 _aSquirrels
_vJuvenile fiction.
650 0 _aGirls
_vJuvenile fiction.
650 0 _aSuperheroes
_vJuvenile fiction.
650 0 _aAdventure stories.
650 0 _aSpanish language materials
_vJuvenile literature.
942 _cBK
999 _c16149
_d16149